书目信息 |
| 题名: |
中国金鱼
|
|
| 作者: | 徐金生 厉春鹏 徐世英 编著 | |
| 分册: | ||
| 出版信息: | 北京 农业出版社 1981.05 |
|
| 页数: | 126页 | |
| 开本: | 20cm | |
| 丛书名: | ||
| 单 册: | ||
| 中图分类: | S965.8 | |
| 科图分类: | ||
| 主题词: | 金鱼-鱼类养殖 , 鱼类养殖-金鱼 | |
| 电子资源: | ||
| ISBN: | ||
| 000 | 00658nam0 2200217 45 | |
| 001 | 0183007689 | |
| 005 | 20060820090508.81 | |
| 010 | @dCNY0.57 | |
| 091 | @a16144.2315 | |
| 100 | @a19960215d1981 em y0chiy0121 ea | |
| 101 | 0 | @achi |
| 105 | @ay z 000yy | |
| 200 | 10 | @a中国金鱼@Azhong guo jin yu@f徐金生 厉春鹏 徐世英 编著@Fxu jin sheng li chun peng xu shi ying bian zhu |
| 210 | @a北京@c农业出版社@d1981.05 | |
| 215 | @a126页@d20cm | |
| 606 | @a金鱼-鱼类养殖 | |
| 606 | @a鱼类养殖-金鱼 | |
| 690 | @aS965.8@v3 | |
| 701 | 0 | @a徐金生 厉春鹏 徐世英@Axu jin sheng li chun peng xu shi ying@4编著 |
| 801 | 0 | @aCN@bTSSF@c20060820 |
| 905 | @a10447@dS965.8@e21 | |
| 中国金鱼/徐金生 厉春鹏 徐世英 编著.-北京:农业出版社,1981.05 |
| 126页;20cm |
| ISBN :CNY0.57 |
| ● |
| 相关链接 |
|
|
|
|
正题名:中国金鱼
索取号:S965.8/21
 
预约/预借
| 序号 | 登录号 | 条形码 | 馆藏地/架位号 | 状态 | 备注 |
| 1 | 0458671 | 204586714 | 密集书库/ [索取号:S965.8/21] | 在馆 | |
| 2 | 0470274 | 204702740 | 密集书库/ [索取号:S965.8/21] | 在馆 |